000 01626nam a2200337 c 4500
003 BLK
005 20240625124847.0
008 180411b bul|||||r ||||||| ||bul||
010 _aKNG00183895000
040 _aBLK
041 _aBUL
_cBUL
080 _aБългарска литература
_b821.163.2
_x-93-311.6
_z821.163.2-93-311.6
100 1 _aХарманджиев, Тодор
_gХарманджиев, Тодор Александров, Илиев, Тодор Александров, Василев, Тодор Александров
_cпоет, преводач
_d1905-1993
_qИлиев, Тодор Александров
_9249306
700 1 _aИлиев, Тодор Александров
_e*
_9276112
139 _aХарманджиев, Тодор
_bХ 28
245 1 0 _aСпартак
_bТракиецът от племето меди : Ист. роман за юноши
_cТодор Харманджиев; * Тодор Александров Илиев.
250 _a2. изд.
257 _aBGR
260 София
_bОФ
_c1984
300 _a259 с.
_c21 см
380 _aDX
490 1 _aБългарски исторически романи
500 _aИмето на авт. Тодор Александров Илиев. - 1. изд. 1980 със загл. Тракиецът от племето меди. - 40 000 тир.
650 4 _aСпартак
_9297542
852 _aЦб 126351
856 4 _qpdf
_u
856 4 _qpdf
_u
942 _cKNG
_n0
_02
944 _aCR
_c20.10.2015
_k30564
_lГалина Якимова
944 _aED
_c12.09.2017
_kВася_Ганчева
999 _c175350
_d175350